| 000 | 00497nam a2200181 a 4500 | ||
|---|---|---|---|
| 001 | 1947 | ||
| 003 | CDMR | ||
| 005 | 20151030104202.0 | ||
| 008 | 130130s1968||||||||||||||||||||||||||||d | ||
| 040 |
_aCDMR _bcat _cCDMR |
||
| 100 | 1 |
_aLévy-Valensi, Éliane Amado _91451 |
|
| 245 | 1 | 3 |
_aLa comunicación _cÉliane Amado Lévy-Valensi |
| 260 |
_aAlcoy _c1968 _bMarfil |
||
| 300 | _a178 p. | ||
| 650 | 0 | 4 |
_92367 _aComunicació _xAspectes psicològics |
| 650 | 0 | 4 |
_9388 _aComunicació humana |
| 942 |
_cMON _2udc |
||
| 999 |
_c1947 _d1947 |
||